00491 2200193 4500001002100000005001500021035002000036007000300056008004100059020002200100082000800122084001400130100002000144245003200164250001200196260004800208300003100256650001000287INLIS00000000000118520210929093606 a0010-0921000084ta210929 d f ind  a978-602-064-694-7 a823 a823 STE n0 aStephenie Meyer1 aNew Moon /cStephenie Meyer acet. 19 aJakarta :bPT Gramedia Pustaka Utama,c2020 a600 hlm. ;c13,5 cm x 20 m anovel